[Event "Reunion op 12th"]
[Site "St Denis"]
[Date "2010.10.09"]
[Round "1"]
[White "Cazal, Julian"]
[Black "Blard, Jacky"]
[Result "0-1"]
[WhiteElo "1150"]
[BlackElo "1625"]
[PlyCount "88"]
[EventDate "2010.10.09"]
[EventType "swiss"]
[EventRounds "9"]
[EventCountry "RUF"]
[SourceTitle "CBM 138 Extra"]
[Source "ChessBase"]
[SourceDate "2010.10.29"]
[SourceVersion "1"]
[SourceVersionDate "2010.10.29"]
[SourceQuality "1"]

1. e4 e6 2. Nc3 c5 3. Nf3 Nc6 4. d3 Qb6 5. Qd2 Nd4 6. Qg5 Nxc2+ 7. Kd1 h6 8. Qf4 Nxa1 9. Ne5 Nf6 10. Nc4 Qd8 11. Nb5 d6 12. e5 Nd5 13. Qg3 Qd7 14. Ncxd6+ Bxd6 15. Qxg7 Qxb5 16. Qxh8+ Kd7 17. d4 Qa4+ 18. b3 Qxd4+ 19. Bd2 Bxe5 20. Bb5+ Kc7 21. Qe8 Nc3+ 22. Ke1 Nxb5 23. Ba5+ b6 24. Qxb5 Nc2+ 25. Ke2 Qg4+ 26. f3 Nd4+ 27. Kf2 Nxb5 28. fxg4 bxa5 29. Re1 Bd4+ 30. Kg3 e5 31. Rc1 Nc3 32. Rf1 Be6 33. Rf6 Ne4+ 34. Kh4 Nxf6 35. g5 hxg5+ 36. Kxg5 e4 37. Kf4 e3 38. Kf3 Bg4+ 39. Kg3 Be5+ 40. Kh4 e2 41. h3 e1Q+ 42. g3 Qxg3+ 43. Kg5 Bxh3+ 44. Kh6 Rh8# 0-1

[Event "Reunion op 11th"]
[Site "St Denis"]
[Date "2009.10.16"]
[Round "8"]
[White "Blard, Jacky"]
[Black "Han Yee Yu, Jerome"]
[Result "0-1"]
[WhiteElo "1608"]
[BlackElo "1500"]
[PlyCount "72"]
[EventDate "2009.10.10"]
[EventType "swiss"]
[EventRounds "9"]
[EventCountry "RUF"]
[SourceTitle "CBM 132 Extra"]
[Source "ChessBase"]
[SourceDate "2009.11.03"]
[SourceVersion "1"]
[SourceVersionDate "2009.11.03"]
[SourceQuality "1"]

1. d4 Nf6 2. Nc3 g6 3. e4 d6 4. Bc4 Bg7 5. Be3 Nc6 6. f4 Ng4 7. Qd2 Nxe3 8. Qxe3 Nxd4 9. Qd3 e6 10. Nd1 d5 11. exd5 exd5 12. Bb3 0-0 13. Ne3 Re8 14. 0-0-0 c6 15. g4 Nxb3+ 16. axb3 Qb6 17. Nxd5 cxd5 18. h4 Bxg4 19. Kb1 Bxd1 20. Qxd1 Qf6 21. c3 Qxf4 22. Nf3 Qe4+ 23. Ka1 Qe2 24. Qxe2 Rxe2 25. h5 Rae8 26. Rh4 Rf2 27. Rh3 Re3 28. h6 Bxh6 29. Rxh6 Rfxf3 30. Rh4 a5 31. b4 axb4 32. Rxb4 Re7 33. Rb5 h5 34. Rxd5 Rfe3 35. c4 h4 36. b4 h3 0-1

[Event "Reunion op 11th"]
[Site "St Denis"]
[Date "2009.10.11"]
[Round "3"]
[White "Semanele, Donald"]
[Black "Blard, Jacky"]
[Result "0-1"]
[WhiteElo "1360"]
[BlackElo "1608"]
[PlyCount "120"]
[EventDate "2009.10.10"]
[EventType "swiss"]
[EventRounds "9"]
[EventCountry "RUF"]
[SourceTitle "CBM 132 Extra"]
[Source "ChessBase"]
[SourceDate "2009.11.03"]
[SourceVersion "1"]
[SourceVersionDate "2009.11.03"]
[SourceQuality "1"]

1. e4 e5 2. Nc3 Nf6 3. Nf3 d6 4. Be2 Be7 5. d3 b6 6. d4 Bb7 7. dxe5 Nxe4 8. Nxe4 Bxe4 9. b3 Nd7 10. Bb2 f5 11. Qd2 0-0 12. Rd1 Nc5 13. 0-0 Qe8 14. Bc4+ Kh8 15. e6 Qg6 16. Bd5 Bxd5 17. Qxd5 Nxe6 18. Qd2 Bg5 19. Nxg5 Nxg5 20. Qd3 Rae8 21. Rfe1 Ne4 22. Re2 f4 23. f3 Ng5 24. Qxg6 hxg6 25. h4 Nxf3+ 26. Kf2 Rxe2+ 27. Kxe2 Nxh4 28. Rh1 g5 29. Kf2 Kg8 30. Re1 Nf5 31. Kf3 Ne3 32. c4 c5 33. Bc1 g4+ 34. Kf2 g3+ 35. Kf3 g5 36. Bxe3 fxe3+ 37. Kxe3 Rf2 38. Rg1 Rxa2 39. Ke4 Rb2 40. Kd5 Rxb3 41. Kxd6 Rc3 42. Kd5 Rc2 43. Ke5 Rxc4 44. Kf6 Rd4 45. Re1 Rd8 46. Re7 Rf8+ 47. Kg6 Rc8 48. Rg7+ Kf8 49. Rf7+ Ke8 50. Kf6 Rc6+ 51. Kg7 a5 52. Rf8+ Kd7 53. Rf7+ Kd6 54. Rf6+ Kd5 55. Rf5+ Kc4 56. Rxg5 a4 57. Rg4+ Kb5 58. Rxg3 c4 59. Rg5+ Rc5 60. Rg3 c3 0-1

[Event "Reunion op 10th"]
[Site "St Denis"]
[Date "2008.10.12"]
[Round "3"]
[White "Ane, Regis"]
[Black "Blard, Jacky"]
[Result "1-0"]
[WhiteElo "1986"]
[BlackElo "1626"]
[PlyCount "94"]
[EventDate "2008.10.11"]
[EventType "swiss"]
[EventRounds "9"]
[EventCountry "RUF"]
[SourceTitle "EXT 2009"]
[Source "ChessBase"]
[SourceDate "2008.11.26"]
[SourceVersion "1"]
[SourceVersionDate "2008.11.26"]
[SourceQuality "1"]

1. e4 e5 2. Nf3 Nc6 3. Bb5 a6 4. Ba4 b5 5. Bb3 Be7 6. 0-0 d6 7. c3 Na5 8. Bc2 Nf6 9. h3 h6 10. d4 exd4 11. cxd4 g5 12. e5 Nd5 13. Nc3 Nxc3 14. bxc3 g4 15. hxg4 Bxg4 16. Re1 d5 17. Qd3 Bh5 18. e6 Qd6 19. exf7+ Bxf7 20. Ne5 Nc6 21. a4 b4 22. Bf4 Qe6 23. Nxf7 Qxf7 24. Bxc7 Kd7 25. Be5 Rhf8 26. Re2 Bh4 27. Qh3+ Kd8 28. Qxh4+ Kc8 29. Bd6 Rg8 30. Bxb4 Qf3 31. Qh2 Qxe2 32. Bf5+ Kb7 33. Bc5 Qb2 34. Rb1 Qxb1+ 35. Bxb1 Rae8 36. Bd3 Re1+ 37. Bf1 Rg6 38. Qh3 Rge6 39. Qd3 Na5 40. Qh7+ Kc6 41. Qa7 Rb1 42. Qxa6+ Kd7 43. Qxa5 Ree1 44. Qa7+ Ke6 45. Qe7+ Kf5 46. Qf7+ Kg5 47. Be7+ Kg4 1-0

[Event "Reunion op 09th"]
[Site "Reunion"]
[Date "2007.10.18"]
[Round "5"]
[White "Pommier, Laurent"]
[Black "Blard, Jacky"]
[Result "0-1"]
[WhiteElo "1850"]
[BlackElo "1568"]
[PlyCount "74"]
[EventDate "2007.10.14"]
[EventType "swiss"]
[EventRounds "9"]
[EventCountry "RUF"]
[SourceTitle "EXT 2012"]
[Source "ChessBase"]
[SourceDate "2011.11.24"]
[SourceVersion "1"]
[SourceVersionDate "2011.11.24"]
[SourceQuality "1"]

1. e4 e5 2. Nf3 Nc6 3. Bb5 Bc5 4. c3 d6 5. 0-0 a6 6. Ba4 b5 7. Bb3 Nf6 8. d3 Bg4 9. Bg5 h6 10. Bc1 Qd7 11. Re1 Nh7 12. Nbd2 Ng5 13. Bd5 Rb8 14. a3 h5 15. b4 Bb6 16. Bb2 h4 17. Bxc6 Qxc6 18. d4 Rd8 19. Nxe5 dxe5 20. Qxg4 Qf6 21. Qf5 Qh6 22. Qxe5+ Kf8 23. Qf5 g6 24. Qg4 Ne6 25. Bc1 Qg7 26. Nf3 Rh5 27. Bg5 Nxg5 28. Nxg5 Qh6 29. Nh3 c6 30. e5 Rf5 31. Re2 Re8 32. Rae1 Re6 33. Re4 Kg8 34. Rf4 Rxf4 35. Qxf4 Qh8 36. Ng5 Re7 37. Qf6 Qxf6 0-1

[Event "Reunion op 08th"]
[Site "Etang Sale"]
[Date "2006.10.16"]
[Round "4"]
[White "Ah Soune, Steeve"]
[Black "Blard, Jacky"]
[Result "0-1"]
[WhiteElo "1009"]
[BlackElo "1500"]
[PlyCount "106"]
[EventDate "2006.10.14"]
[EventType "swiss"]
[EventRounds "9"]
[EventCountry "FRA"]
[SourceTitle "EXT 2007"]
[Source "ChessBase"]
[SourceDate "2006.11.23"]
[SourceVersion "1"]
[SourceVersionDate "2006.11.23"]
[SourceQuality "1"]

1. e4 e5 2. Nf3 Nc6 3. Bc4 Be7 4. Nc3 Nf6 5. Nd5 Nxe4 6. d3 Nf6 7. Nxf6+ Bxf6 8. 0-0 d5 9. Bb5 a6 10. Bxc6+ bxc6 11. d4 e4 12. Ne5 Bxe5 13. dxe5 0-0 14. c3 Re8 15. f4 exf3 16. Qxf3 Qd7 17. Be3 Rxe5 18. Qg3 Re6 19. Bd4 Rg6 20. Qe5 Qd8 21. Bc5 Be6 22. Rf3 Qd7 23. Rg3 Rxg3 24. Qxg3 Bf5 25. Bd4 Bg6 26. h4 h5 27. Qe5 f6 28. Qg3 Kh7 29. Re1 Be4 30. Bc5 Qg4 31. Qxg4 hxg4 32. Kf2 f5 33. Be3 Rf8 34. Bf4 Rf7 35. g3 c5 36. Ke3 Rd7 37. Be5 Re7 38. Bf4 c6 39. Bd6 Re6 40. Bxc5 Bb1+ 41. Kd2 Rxe1 42. Kxe1 Bxa2 43. Ke2 Kh6 44. Ke3 g5 45. Be7 gxh4 46. Bxh4 Kg6 47. Kf4 Bb1 48. Ke5 Bd3 49. b4 Bb5 50. Kd6 Kh5 51. Ke6 f4 52. Kf5 f3 53. Ke6 f2 0-1